Dopasuj państwo do utworu - Statystyki

Ogólne statystyki
  • Ten quiz został rozwiązany 18 razy
  • Średni wynik to 14 z 20
Statystyki odpowiedzi
Wskazówka Odpowiedź % Poprawnych
Gangnam Style Korea Południowa
100%
Jolene Stany Zjednoczone
93%
Amor a la Mexicana Meksyk
86%
Przekorny los Polska
86%
Total Eclipse of the Heart Wielka Brytania
86%
Can't Get You Out of My Head Australia
79%
Ai Se Eu Te Pego Brazylia
79%
Aserejé Hiszpania
79%
PonPonPon Japonia
79%
My Heart Will Go On Kanada
79%
99 Luftballons Niemcy
79%
L'Italiano Włochy
79%
Moi... Lolita Francja
64%
Invincible Szwecja
64%
Fairytale Norwegia
57%
Nas Ne Dogonyat Rosja
57%
Tunak Tunak Tun Indie
43%
Everywhat That I Can Turcja
43%
Temperature Jamajka
36%
Ojuelegba Nigeria
14%
Nie znaleziono quizów pasujących do podanych kryteriów
Rozkład punktacji
Procent ludzi z każdym wynikiem
Percentyl według liczby udzielonych odpowiedzi
Twoja historia wyników
Nie rozwiązałeś tego quizu